Arte, percepción y realidad. Conferencias en memoria de Alvin y Fanny Blaustein Thalheimer, 1970

Guardado en:
Detalles Bibliográficos
Autor principal: Gombrich, Ernst Hans (autor)
Otros Autores: Hochberg, Julian E (autor), Black, Max (autor)
Formato: Libro
Publicado: Barcelona, España: Paidós, 1983.
Colección:Paidós Comunicación ;
Materias:
Etiquetas: Agregar Etiqueta
Sin Etiquetas, Sea el primero en etiquetar este registro!

MARC

LEADER 00000nam a22000007a 4500
003 CL-VaPUC
005 20250321101934.0
008 250127t1983 ||||| |||| 00| 0 eng d
999 |c 446826  |d 446824 
020 |a 84-7509-200-4 
040 |c Pontificia Universidad Católica de Valparaíso 
082 0 4 |a 701.15 GOM 1983  |2 21 
100 |a Gombrich, Ernst Hans  |e autor  |9 598146 
245 1 0 |a Arte, percepción y realidad.  |b  Conferencias en memoria de Alvin y Fanny Blaustein Thalheimer, 1970 
260 |a Barcelona, España:  |b Paidós,   |c 1983. 
300 |a 175 páginas.  
490 0 |a Paidós Comunicación ;  |n 3. 
500 |a c.1.Instituto Arcos 8-1-2025. 
583 |a last modification  |c 20101104 00:00:00  |k Cristina María Rojas Aguilar 
650 0 |a Percepción visual  |9 267039 
650 0 |a Psicología del arte  |9 265264 
700 |a Hochberg, Julian E  |e autor  |9 302660 
700 0 |a Black, Max  |e autor  |9 553762 
942 |c BK  |2 ddc  |n 0 
952 |0 0  |1 0  |2 ddc  |4 0  |6 701_150000000000000_GOM_1983  |7 0  |8 A  |9 600117  |a BIBINC  |b BIBINC  |d 2025-01-29  |i 5665005  |o 701.15 GOM 1983  |p 5665005  |r 2025-01-29  |t 1  |w 2025-01-29  |y BK  |k IFP